00511nam a22001577a 450000500170000001000150001702000270003203500140005903700090007308200170008224500910009926000420019027000610023230000240029370000360031720240521124143.0 aENG-140424 a9789392038051c1295.00 aEN-123956 bDBAD a306.36209541 aSlavery and Servitude in Precolonial Northeast India/cEdited By Amrendra Kumar Thakur aGuwahati, AssambEBH Publishersc2018 a136, M.L. Nehru Road, Panbazar bGuwahati, Assame781001 avii,191p.c23cm(Hb) aThakur, Amrendra Kumar eEditor